[Event "Oberliga Nord O 1516"]
[Site "Germany"]
[Date "2016.02.22"]
[Round "7.6"]
[White "Georgi, Johannes"]
[Black "Grottke, Hans Joachim"]
[Result "1/2-1/2"]
[WhiteElo "2032"]
[BlackElo "2212"]
[PlyCount "60"]
[EventDate "2015.09.20"]
[EventType "team-tourn"]
[EventRounds "9"]
[EventCountry "GER"]
[SourceTitle "EXT 2017"]
[Source "ChessBase"]
[SourceDate "2016.10.25"]
[SourceVersion "1"]
[SourceVersionDate "2016.10.25"]
[SourceQuality "1"]
[WhiteTeam "Fuerstenwalde"]
[BlackTeam "Potsdam Empor"]
[WhiteTeamCountry "GER"]
[BlackTeamCountry "GER"]

1. Nc3 d5 2. e4 e6 3. d4 Bb4 4. a3 Bxc3+ 5. bxc3 dxe4 6. Qg4 Nf6 7. Qxg7 Rg8 8. Qh6 c5 9. dxc5 Nbd7 10. c6 bxc6 11. Ne2 Qa5 12. Bd2 Ba6 13. Qe3 Qa4 14. Nd4 Bxf1 15. Kxf1 c5 16. Nb3 Qc4+ 17. Qe2 Qxe2+ 18. Kxe2 Rxg2 19. Rag1 Rg6 20. h4 Ke7 21. Rxg6 hxg6 22. Bg5 Ke8 23. Nxc5 Rc8 24. Nxd7 Nxd7 25. h5 Nf8 26. h6 Nh7 27. Bd2 Rb8 28. Rh3 f5 29. c4 g5 30. Bxg5 Nxg5 1/2-1/2

[Event "GER-chT Seniors 24th"]
[Site "Berlin"]
[Date "2015.09.12"]
[Round "7.3"]
[White "Grottke, Hans Joachim"]
[Black "Herbrechtsmeier, Christof"]
[Result "1/2-1/2"]
[WhiteElo "2193"]
[BlackElo "2275"]
[PlyCount "31"]
[EventDate "2015.09.06"]
[EventType "team-swiss"]
[EventRounds "7"]
[EventCountry "GER"]
[SourceTitle "EXT 2018"]
[Source "ChessBase"]
[SourceDate "2017.10.13"]
[SourceVersion "1"]
[SourceVersionDate "2017.10.13"]
[SourceQuality "1"]

1. e4 c5 2. Nf3 g6 3. c4 Nc6 4. d4 cxd4 5. Nxd4 Nf6 6. Nc3 Nxd4 7. Qxd4 d6 8. Be2 Bg7 9. Be3 0-0 10. Qd2 Be6 11. 0-0 Qa5 12. Rac1 Rfc8 13. b3 a6 14. Nd5 Qxd2 15. Bxd2 Nxd5 16. cxd5 1/2-1/2

[Event "Miedzyzdroje OB Seniors 23rd"]
[Site "Miedzyzdroje"]
[Date "2015.06.23"]
[Round "7"]
[White "Graubaum, Hans Joachim"]
[Black "Grottke, Hans Joachim"]
[Result "0-1"]
[WhiteElo "2140"]
[BlackElo "2170"]
[PlyCount "68"]
[EventDate "2015.06.17"]
[EventType "swiss"]
[EventRounds "8"]
[EventCountry "POL"]
[SourceTitle "EXT 2018"]
[Source "ChessBase"]
[SourceDate "2017.10.13"]
[SourceVersion "1"]
[SourceVersionDate "2017.10.13"]
[SourceQuality "1"]

1. e4 e6 2. d4 d5 3. Nd2 Nc6 4. Ngf3 Nf6 5. e5 Nd7 6. Bb5 a6 7. Bxc6 bxc6 8. 0-0 c5 9. Re1 cxd4 10. Nxd4 c5 11. N4f3 Be7 12. Nf1 0-0 13. c3 h6 14. h3 Qb6 15. Ng3 Bb7 16. Nh5 f6 17. Nf4 f5 18. Ng6 Rf7 19. Nxe7+ Rxe7 20. Nh4 Nf8 21. Qh5 Qd8 22. Ng6 Rd7 23. Nxf8 Qxf8 24. Qg6 Qf7 25. Qg3 Kh7 26. Bd2 Rc8 27. Qd3 d4 28. cxd4 Qg6 29. f3 Rxd4 30. Qe3 Bxf3 31. Qf2 Bxg2 32. Be3 Bxh3+ 33. Kh2 Rh4 34. Rg1 Qh5 0-1

[Event "Miedzyzdroje OB Seniors 23rd"]
[Site "Miedzyzdroje"]
[Date "2015.06.22"]
[Round "6"]
[White "Grottke, Hans Joachim"]
[Black "Baumbach, Friedrich"]
[Result "1/2-1/2"]
[WhiteElo "2170"]
[BlackElo "2213"]
[PlyCount "29"]
[EventDate "2015.06.17"]
[EventType "swiss"]
[EventRounds "8"]
[EventCountry "POL"]
[SourceTitle "EXT 2018"]
[Source "ChessBase"]
[SourceDate "2017.10.13"]
[SourceVersion "1"]
[SourceVersionDate "2017.10.13"]
[SourceQuality "1"]

1. e4 c5 2. Nf3 Nc6 3. Bb5 g6 4. Bxc6 dxc6 5. h3 Bg7 6. d3 Nf6 7. Nc3 0-0 8. Be3 b6 9. Qd2 e5 10. Bh6 Qd6 11. 0-0 Ne8 12. Rad1 Nc7 13. Ne2 Qe6 14. Bxg7 Kxg7 15. Ng5 1/2-1/2

[Event "Miedzyzdroje OB Seniors 23rd"]
[Site "Miedzyzdroje"]
[Date "2015.06.21"]
[Round "4"]
[White "Grottke, Hans Joachim"]
[Black "Keusch, Horst"]
[Result "1-0"]
[WhiteElo "2170"]
[BlackElo "1941"]
[PlyCount "69"]
[EventDate "2015.06.17"]
[EventType "swiss"]
[EventRounds "8"]
[EventCountry "POL"]
[SourceTitle "EXT 2018"]
[Source "ChessBase"]
[SourceDate "2017.10.13"]
[SourceVersion "1"]
[SourceVersionDate "2017.10.13"]
[SourceQuality "1"]

1. e4 g6 2. d4 c6 3. Nc3 d5 4. h3 Bg7 5. Nf3 dxe4 6. Nxe4 Nf6 7. Nxf6+ Bxf6 8. Bc4 0-0 9. Bh6 Bg7 10. Qd2 Nd7 11. a4 Nf6 12. 0-0 Bf5 13. Bxg7 Kxg7 14. Rfe1 Be4 15. Ne5 Bd5 16. Bf1 Ne4 17. Qe3 f6 18. Nd3 Nd6 19. Qxe7+ Rf7 20. Qxd8 Rxd8 21. Nf4 Rc7 22. Rad1 Bf7 23. Ne6+ Bxe6 24. Rxe6 Nf5 25. c3 Re7 26. Rde1 Rxe6 27. Rxe6 Nd6 28. Re7+ Kh8 29. g4 a5 30. c4 b6 31. c5 Nc8 32. Rc7 bxc5 33. dxc5 Re8 34. Rxc6 Kg7 35. Ra6 1-0

[Event "Miedzyzdroje OB Seniors 23rd"]
[Site "Miedzyzdroje"]
[Date "2015.06.19"]
[Round "3"]
[White "Nauschuetz, Ernst"]
[Black "Grottke, Hans Joachim"]
[Result "0-1"]
[WhiteElo "2017"]
[BlackElo "2170"]
[PlyCount "86"]
[EventDate "2015.06.17"]
[EventType "swiss"]
[EventRounds "8"]
[EventCountry "POL"]
[SourceTitle "EXT 2018"]
[Source "ChessBase"]
[SourceDate "2017.10.13"]
[SourceVersion "1"]
[SourceVersionDate "2017.10.13"]
[SourceQuality "1"]

1. c4 e5 2. g3 Nf6 3. Bg2 Nc6 4. Nc3 Bb4 5. Nd5 Bc5 6. e3 0-0 7. Ne2 Nxd5 8. cxd5 Ne7 9. 0-0 d6 10. d4 Bb6 11. dxe5 dxe5 12. Nc3 Nf5 13. Na4 Nd6 14. Nxb6 axb6 15. Qc2 Bd7 16. Bd2 Rc8 17. Bb4 Qe7 18. Rfd1 f5 19. f4 Rfe8 20. Re1 Qf7 21. b3 e4 22. Red1 Bb5 23. Bf1 Bxf1 24. Kxf1 Red8 25. Rd2 Rd7 26. Rad1 Rcd8 27. a4 Ne8 28. Qc4 Nf6 29. d6 c5 30. Bc3 Ng4 31. Qe2 Qxb3 32. h3 Nh2+ 33. Kg2 Nf3 34. Rc2 Rxd6 35. Rxd6 Rxd6 36. Be5 Rd3 37. Rb2 Qxa4 38. Ra2 Qb3 39. Rb2 Qd5 40. Bc7 b5 41. Bb6 c4 42. Ba5 c3 43. Rc2 Qc4 0-1

[Event "Miedzyzdroje OB Seniors 23rd"]
[Site "Miedzyzdroje"]
[Date "2015.06.18"]
[Round "2"]
[White "Grottke, Hans Joachim"]
[Black "Fitzke, Ulrich"]
[Result "1-0"]
[WhiteElo "2170"]
[BlackElo "1886"]
[PlyCount "117"]
[EventDate "2015.06.17"]
[EventType "swiss"]
[EventRounds "8"]
[EventCountry "POL"]
[SourceTitle "EXT 2018"]
[Source "ChessBase"]
[SourceDate "2017.10.13"]
[SourceVersion "1"]
[SourceVersionDate "2017.10.13"]
[SourceQuality "1"]

1. e4 c5 2. Nf3 d6 3. Bb5+ Bd7 4. Bxd7+ Nxd7 5. 0-0 g6 6. c3 Bg7 7. d4 cxd4 8. cxd4 Ngf6 9. Nc3 0-0 10. Qe2 Rc8 11. e5 dxe5 12. dxe5 Ne8 13. e6 Ndf6 14. exf7+ Rxf7 15. Ng5 Qb6 16. Nxf7 Kxf7 17. Re1 Rc7 18. Bf4 Rd7 19. Rad1 Rxd1 20. Qxe7+ Kg8 21. Nxd1 Bf8 22. Qe6+ Qxe6 23. Rxe6 Kf7 24. Re2 Nh5 25. Be5 Nd6 26. Bxd6 Bxd6 27. g3 g5 28. Kg2 g4 29. h3 Nf6 30. hxg4 Nxg4 31. Ne3 Ne5 32. Nf5 Bc7 33. f4 Nc6 34. Kf3 Kf6 35. g4 h5 36. Rd2 hxg4+ 37. Kxg4 Nb8 38. Rh2 Na6 39. a3 Bb6 40. Rh6+ Kf7 41. Rh7+ Kf6 42. b4 Nc7 43. Rh6+ Kf7 44. Nd6+ Kg7 45. Rh5 Ne6 46. Nxb7 Bc7 47. f5 Nf4 48. Rh1 Kf6 49. Rc1 Nd5 50. Rc6+ Kf7 51. Nd6+ Ke7 52. Ne4 Kd7 53. Rh6 Ne3+ 54. Kg5 Nd5 55. Nf6+ Nxf6 56. Kxf6 a5 57. Rh7+ Kc6 58. Rxc7+ Kxc7 59. bxa5 1-0

[Event "Miedzyzdroje OB Seniors 23rd"]
[Site "Miedzyzdroje"]
[Date "2015.06.17"]
[Round "1"]
[White "Wagner, Richard"]
[Black "Grottke, Hans Joachim"]
[Result "0-1"]
[WhiteElo "1812"]
[BlackElo "2170"]
[PlyCount "52"]
[EventDate "2015.06.17"]
[EventType "swiss"]
[EventRounds "8"]
[EventCountry "POL"]
[SourceTitle "EXT 2018"]
[Source "ChessBase"]
[SourceDate "2017.10.13"]
[SourceVersion "1"]
[SourceVersionDate "2017.10.13"]
[SourceQuality "1"]

1. e4 e6 2. d4 d5 3. Nd2 Nc6 4. Ngf3 Nf6 5. e5 Nd7 6. c3 f6 7. exf6 Qxf6 8. Bd3 Bd6 9. 0-0 0-0 10. Nb3 e5 11. Bg5 Qf7 12. dxe5 Ndxe5 13. Nxe5 Nxe5 14. Be2 Bd7 15. f4 Nc4 16. Bxc4 dxc4 17. Nd4 Rae8 18. f5 Qd5 19. Bf4 Bc5 20. Kh1 Re4 21. Ne6 Bxe6 22. fxe6 Qxd1 23. Raxd1 Rexf4 24. Rxf4 Rxf4 25. Rd8+ Rf8 26. Rxf8+ Kxf8 0-1

[Event "Oberliga Nord O 1415"]
[Site "Germany"]
[Date "2015.04.12"]
[Round "9.3"]
[White "Grottke, Hans Joachim"]
[Black "Anibar, Ahmed"]
[Result "0-1"]
[WhiteElo "2223"]
[BlackElo "2268"]
[PlyCount "78"]
[EventDate "2014.09.21"]
[EventType "team-tourn"]
[EventRounds "9"]
[EventCountry "GER"]
[SourceTitle "EXT 2016"]
[Source "ChessBase"]
[SourceDate "2015.10.08"]
[SourceVersion "1"]
[SourceVersionDate "2015.10.08"]
[SourceQuality "1"]
[WhiteTeam "Potsdam Empor"]
[BlackTeam "Berlin Tegel II"]
[WhiteTeamCountry "GER"]
[BlackTeamCountry "GER"]

1. e4 e6 2. d4 d5 3. Nc3 Nc6 4. Nf3 Nf6 5. e5 Nd7 6. Bf4 Be7 7. Be2 0-0 8. 0-0 a6 9. Qd2 b5 10. Nd1 f6 11. exf6 Nxf6 12. Ne5 Nxe5 13. Bxe5 Nd7 14. Bg3 Nb6 15. b3 c5 16. c3 Bd7 17. Ne3 a5 18. Ng4 Rc8 19. Rac1 c4 20. Ne5 Ba3 21. Rc2 Qe7 22. Qe3 Be8 23. Bg4 Kh8 24. Nf3 Bg6 25. Rd2 b4 26. cxb4 Bxb4 27. Rdd1 c3 28. Ne5 Be8 29. Rc1 a4 30. a3 Bxa3 31. Rxc3 Rxc3 32. Qxc3 Bb4 33. Qc2 a3 34. Nc6 Bxc6 35. Qxc6 Qa7 36. Bc7 Na8 37. Bd6 Bxd6 38. Qxd6 Re8 39. Ra1 Qxd4 0-1

[Event "Oberliga Nord O 1415"]
[Site "Germany"]
[Date "2014.12.07"]
[Round "4.5"]
[White "Bruchmann, Stephan"]
[Black "Grottke, Hans Joachim"]
[Result "1-0"]
[WhiteElo "2280"]
[BlackElo "2223"]
[PlyCount "70"]
[EventDate "2014.09.21"]
[EventType "team-tourn"]
[EventRounds "9"]
[EventCountry "GER"]
[SourceTitle "EXT 2016"]
[Source "ChessBase"]
[SourceDate "2015.10.08"]
[SourceVersion "1"]
[SourceVersionDate "2015.10.08"]
[SourceQuality "1"]
[WhiteTeam "Berlin Rotation"]
[BlackTeam "Potsdam Empor"]
[WhiteTeamCountry "GER"]
[BlackTeamCountry "GER"]

1. e4 e6 2. d4 d5 3. Nc3 Bb4 4. e5 c5 5. Bd2 Ne7 6. Nb5 Bxd2+ 7. Qxd2 0-0 8. Nf3 a6 9. Nd6 cxd4 10. Nxd4 Nbc6 11. f4 Bd7 12. Nf3 Nc8 13. Nxc8 Rxc8 14. Bd3 Qb6 15. 0-0-0 f6 16. exf6 Rxf6 17. Kb1 Be8 18. Rhe1 Bg6 19. Bxg6 hxg6 20. g3 Na5 21. Ne5 Nc4 22. Nxc4 Rxc4 23. Re2 Qc6 24. Rde1 b5 25. b3 Rc3 26. Qd4 a5 27. a3 a4 28. Kb2 Rc5 29. Rd2 Kh7 30. Re3 Rf8 31. g4 Rc8 32. Qd3 Qe8 33. Rde2 Qf7 34. Qd4 R8c6 35. Qe5 Qe8 1-0

[Event "GER-chA Seniors 26th"]
[Site "Bad Neuenahr"]
[Date "2014.08.13"]
[Round "9"]
[White "Villing, Dieter"]
[Black "Grottke, Hans Joachim"]
[Result "1/2-1/2"]
[WhiteElo "2097"]
[BlackElo "2223"]
[PlyCount "48"]
[EventDate "2014.08.05"]
[EventType "swiss"]
[EventRounds "9"]
[EventCountry "GER"]
[SourceTitle "EXT 2018"]
[Source "ChessBase"]
[SourceDate "2017.10.13"]
[SourceVersion "1"]
[SourceVersionDate "2017.10.13"]
[SourceQuality "1"]

1. d4 d5 2. Nc3 e6 3. e4 Bb4 4. e5 c5 5. dxc5 Nc6 6. Nf3 Nge7 7. Bd3 Ng6 8. Bxg6 fxg6 9. 0-0 0-0 10. Be3 Bxc3 11. bxc3 Qc7 12. Bd4 Bd7 13. Qe2 Rf5 14. Rfd1 Raf8 15. Rab1 g5 16. h3 Be8 17. Rd3 h6 18. Rb3 Bg6 19. Re3 Na5 20. Rb4 Nc4 21. Qd3 Qf7 22. Re1 Bh5 23. Reb1 Bxf3 24. gxf3 Na5 1/2-1/2

[Event "GER-chA Seniors 26th"]
[Site "Bad Neuenahr"]
[Date "2014.08.08"]
[Round "4"]
[White "Nuenchert, Reinhard"]
[Black "Grottke, Hans Joachim"]
[Result "0-1"]
[WhiteElo "1937"]
[BlackElo "2223"]
[PlyCount "42"]
[EventDate "2014.08.05"]
[EventType "swiss"]
[EventRounds "9"]
[EventCountry "GER"]
[SourceTitle "EXT 2018"]
[Source "ChessBase"]
[SourceDate "2017.10.13"]
[SourceVersion "1"]
[SourceVersionDate "2017.10.13"]
[SourceQuality "1"]

1. d4 d5 2. c4 c6 3. Nf3 Nf6 4. Nc3 dxc4 5. a4 Bf5 6. e3 e6 7. Bxc4 Bb4 8. 0-0 Nbd7 9. Qe2 Bg6 10. Bd2 0-0 11. Ne4 Bxd2 12. Nexd2 Qe7 13. a5 b5 14. Bd3 a6 15. Bxg6 hxg6 16. Rac1 c5 17. dxc5 Nxc5 18. b4 Na4 19. Nd4 Nd5 20. Nc6 Qd7 21. Nf3 Nac3 0-1

[Event "Berlin-Brandenburg m 20th"]
[Site "Berlin"]
[Date "2014.05.10"]
[Round "1"]
[White "Grottke, Hans Joachim"]
[Black "Poster, Reinhard"]
[Result "1/2-1/2"]
[WhiteElo "2121"]
[BlackElo "2133"]
[PlyCount "26"]
[EventDate "2014.05.10"]
[EventType "team-match"]
[EventRounds "1"]
[EventCountry "GER"]
[SourceTitle "EXT 2018"]
[Source "ChessBase"]
[SourceDate "2017.10.13"]
[SourceVersion "1"]
[SourceVersionDate "2017.10.13"]
[SourceQuality "1"]

1. Nf3 d5 2. d4 Nf6 3. c4 e6 4. cxd5 exd5 5. Nc3 Be7 6. Bf4 c6 7. e3 Bf5 8. Bd3 Bxd3 9. Qxd3 0-0 10. 0-0 Nbd7 11. Ne5 Nxe5 12. Bxe5 Bd6 13. Bxd6 Qxd6 1/2-1/2

[Event "Berlin Spring op-A"]
[Site "Berlin"]
[Date "2014.05.02"]
[Round "3"]
[White "Engel, Luis"]
[Black "Grottke, Hans Joachim"]
[Result "1-0"]
[WhiteElo "1936"]
[BlackElo "2228"]
[PlyCount "43"]
[EventDate "2014.05.01"]
[EventType "swiss"]
[EventRounds "7"]
[EventCountry "GER"]
[SourceTitle "CBM 160 Extra"]
[Source "ChessBase"]
[SourceDate "2014.07.01"]
[SourceVersion "1"]
[SourceVersionDate "2014.07.01"]
[SourceQuality "1"]

1. e4 e6 2. d4 d5 3. Nd2 Nc6 4. Ngf3 Nf6 5. e5 Nd7 6. c3 f6 7. exf6 Qxf6 8. Bd3 Bd6 9. 0-0 0-0 10. Qc2 g6 11. Qb3 Nb6 12. a4 a5 13. Bb5 Bd7 14. Re1 Rae8 15. Nf1 e5 16. Bg5 Qf7 17. Bxc6 bxc6 18. dxe5 Bxe5 19. Bh6 Bg7 20. Bxg7 Kxg7 21. Qd1 Bg4 22. Qd4+ 1-0

[Event "Berlin Spring op-A"]
[Site "Berlin"]
[Date "2014.05.02"]
[Round "4"]
[White "Grottke, Hans Joachim"]
[Black "Schultze, Joerg Martin"]
[Result "1-0"]
[WhiteElo "2228"]
[BlackElo "1853"]
[PlyCount "73"]
[EventDate "2014.05.01"]
[EventType "swiss"]
[EventRounds "7"]
[EventCountry "GER"]
[SourceTitle "CBM 160 Extra"]
[Source "ChessBase"]
[SourceDate "2014.07.01"]
[SourceVersion "1"]
[SourceVersionDate "2014.07.01"]
[SourceQuality "1"]

1. e4 c6 2. d4 d5 3. exd5 cxd5 4. c4 Nf6 5. Nc3 Nc6 6. Nf3 e6 7. c5 Ne4 8. Qc2 Qa5 9. Bd2 Nxd2 10. Qxd2 Be7 11. Bb5 0-0 12. 0-0 Qc7 13. Rfe1 Bd7 14. a3 Na5 15. Nxd5 exd5 16. Rxe7 Nc6 17. Bxc6 bxc6 18. Ne5 Rad8 19. Qf4 f6 20. Qg3 g5 21. Nxd7 Qxg3 22. hxg3 Rf7 23. Nxf6+ Rxf6 24. Rae1 Rf7 25. R1e6 Rc8 26. b4 Kf8 27. Rxf7+ Kxf7 28. Rh6 Kg7 29. Rd6 a5 30. bxa5 Rc7 31. g4 Kf7 32. g3 Ke8 33. Kg2 Kf7 34. f4 gxf4 35. gxf4 Re7 36. a6 Re3 37. Rxc6 1-0

[Event "Berlin Spring op-A"]
[Site "Berlin"]
[Date "2014.05.01"]
[Round "2"]
[White "Grottke, Hans Joachim"]
[Black "Rabiega, Robert"]
[Result "0-1"]
[WhiteElo "2228"]
[BlackElo "2494"]
[PlyCount "51"]
[EventDate "2014.05.01"]
[EventType "swiss"]
[EventRounds "7"]
[EventCountry "GER"]
[SourceTitle "CBM 160 Extra"]
[Source "ChessBase"]
[SourceDate "2014.07.01"]
[SourceVersion "1"]
[SourceVersionDate "2014.07.01"]
[SourceQuality "1"]

1. e4 e5 2. Nf3 Nc6 3. Nc3 Nf6 4. d4 exd4 5. Nxd4 Bb4 6. Nxc6 bxc6 7. Bd3 d5 8. exd5 cxd5 9. 0-0 0-0 10. h3 c6 11. Qf3 Rb8 12. Bf4 Bd6 13. b3 c5 14. Ne2 Bb7 15. Ng3 c4 16. Bxd6 Qxd6 17. Nf5 Qc7 18. Be2 Ne4 19. Rad1 Rbc8 20. Rfe1 cxb3 21. cxb3 g6 22. Nd4 Nc3 23. Nb5 Nxe2+ 24. Rxe2 Qc5 25. Nd4 Rfe8 26. Red2 0-1

[Event "Berlin Spring op-A"]
[Site "Berlin"]
[Date "2014.05.01"]
[Round "1"]
[White "Stein, Robert"]
[Black "Grottke, Hans Joachim"]
[Result "0-1"]
[WhiteElo "1881"]
[BlackElo "2228"]
[PlyCount "48"]
[EventDate "2014.05.01"]
[EventType "swiss"]
[EventRounds "7"]
[EventCountry "GER"]
[SourceTitle "CBM 160 Extra"]
[Source "ChessBase"]
[SourceDate "2014.07.01"]
[SourceVersion "1"]
[SourceVersionDate "2014.07.01"]
[SourceQuality "1"]

1. e4 e6 2. d4 d5 3. Nd2 Nc6 4. Ngf3 Nf6 5. e5 Nd7 6. c3 f6 7. exf6 Qxf6 8. Bd3 Bd6 9. 0-0 e5 10. Re1 0-0 11. Qb3 Nb6 12. Ne4 Qe7 13. Bg5 Qf7 14. Nxd6 cxd6 15. Be3 Na5 16. Qb4 e4 17. Ng5 Qg6 18. Qxd6 exd3 19. Kh1 h6 20. Nh3 Bxh3 21. gxh3 Qe4+ 22. Kg1 Rf6 23. Rad1 Rg6+ 24. Kf1 Qh1# 0-1

[Event "Oberliga Nord O 1314"]
[Site "Germany"]
[Date "2014.02.09"]
[Round "6.6"]
[White "Grottke, Hans Joachim"]
[Black "Jahnz, Fabian"]
[Result "1/2-1/2"]
[WhiteElo "2209"]
[BlackElo "2226"]
[PlyCount "61"]
[EventDate "2013.10.13"]
[EventType "team-tourn"]
[EventRounds "9"]
[EventCountry "GER"]
[SourceTitle "EXT 2015"]
[Source "ChessBase"]
[SourceDate "2014.11.20"]
[SourceVersion "1"]
[SourceVersionDate "2014.11.20"]
[SourceQuality "1"]
[WhiteTeam "Potsdam Empor"]
[BlackTeam "Koenig Tegel II"]
[WhiteTeamCountry "GER"]
[BlackTeamCountry "GER"]

1. e4 e5 2. Nf3 Nc6 3. Nc3 Nf6 4. d4 exd4 5. Nxd4 Bb4 6. Nxc6 bxc6 7. Bd3 d5 8. exd5 cxd5 9. 0-0 0-0 10. h3 c6 11. Qf3 Bd6 12. Bf4 Be6 13. Ne2 c5 14. c3 Rb8 15. b3 Re8 16. Rfe1 a5 17. Bc2 Rb6 18. Bg5 h6 19. Bh4 Be5 20. Bg3 Bxg3 21. Nxg3 Bc8 22. Rxe8+ Qxe8 23. Nh5 Qe5 24. Nxf6+ gxf6 25. Qe3 Qxe3 26. fxe3 Bb7 27. Rd1 Kf8 28. Rd2 Ke7 29. Bd1 Ke6 30. Bf3 Ke5 31. Kf2 1/2-1/2

[Event "Berlin-ch Seniors op 30th"]
[Site "Berlin"]
[Date "2014.01.31"]
[Round "2"]
[White "Grottke, Hans Joachim"]
[Black "Fitzke, Ulrich"]
[Result "1-0"]
[WhiteElo "2110"]
[BlackElo "1803"]
[PlyCount "59"]
[EventDate "2014.01.30"]
[EventType "swiss"]
[EventRounds "9"]
[EventCountry "GER"]
[SourceTitle "EXT 2018"]
[Source "ChessBase"]
[SourceDate "2017.10.13"]
[SourceVersion "1"]
[SourceVersionDate "2017.10.13"]
[SourceQuality "1"]

1. e4 c5 2. Nf3 Nc6 3. Bb5 Qc7 4. 0-0 d6 5. Re1 e6 6. c3 Bd7 7. d4 cxd4 8. cxd4 Nce7 9. Bd3 g6 10. Nc3 Bg7 11. Nb5 Qb8 12. Qc2 Bxb5 13. Bxb5+ Kd8 14. Bf4 a6 15. Ba4 Nf6 16. h3 b5 17. Bb3 Qb6 18. d5 Rc8 19. Qd2 e5 20. Bxe5 Nh5 21. Bxg7 Nxg7 22. Ng5 Ke8 23. Qf4 f5 24. exf5 Ngxf5 25. g4 Qd4 26. Re4 Qxb2 27. Rae1 Kd7 28. Rxe7+ Nxe7 29. Rxe7+ Kxe7 30. Qf7+ 1-0

[Event "EU-chT Seniors 15th"]
[Site "Dresden"]
[Date "2013.07.26"]
[Round "7"]
[White "Grottke, Hans Joachim"]
[Black "Ashby, Anthony"]
[Result "1/2-1/2"]
[WhiteElo "2220"]
[BlackElo "2116"]
[PlyCount "119"]
[EventDate "2013.07.20"]
[EventType "team-swiss"]
[EventRounds "9"]
[EventCountry "GER"]
[SourceTitle "CBM 155 Extra"]
[Source "ChessBase"]
[SourceDate "2013.08.26"]
[SourceVersion "1"]
[SourceVersionDate "2013.08.26"]
[SourceQuality "1"]
[WhiteTeam "Brandenburg"]
[BlackTeam "England II"]
[WhiteTeamCountry "GER"]
[BlackTeamCountry "ENG"]

1. e4 e6 2. d4 d5 3. Nc3 h6 4. Nf3 Nf6 5. Bd3 Bb4 6. e5 Ne4 7. Bd2 Nxd2 8. Qxd2 c5 9. a3 Qa5 10. 0-0 Bxc3 11. Qxc3 Qxc3 12. bxc3 c4 13. Be2 Bd7 14. Ne1 Nc6 15. f4 Ne7 16. g3 0-0-0 17. Ng2 Ba4 18. Ra2 g6 19. Bg4 Kc7 20. Ne3 Nf5 21. Bxf5 gxf5 22. Kf2 Rdg8 23. Rg1 Rg7 24. Rg2 Rhg8 25. Ra1 h5 26. Rag1 Kb6 27. Ke2 Ka5 28. Kd2 Bc6 29. Kc1 Bd7 30. h3 Kb6 31. Nf1 Kc7 32. Nh2 Kd8 33. Nf3 Ke7 34. Ng5 Rh8 35. Kd2 Ba4 36. Ke3 b6 37. Kf3 Rh6 38. Rh1 Rg8 39. Rgh2 Rgh8 40. Rb1 Rb8 41. Rg2 Rbh8 42. Rbg1 Kf8 43. Ke3 Ke7 44. Kd2 Bd7 45. Nf3 Ba4 46. Nh2 R6h7 47. Nf1 Rh6 48. Ne3 R6h7 49. g4 hxg4 50. hxg4 fxg4 51. f5 Rh2 52. f6+ Kf8 53. Nxg4 Rxg2+ 54. Rxg2 Rg8 55. Ne3 Rxg2+ 56. Nxg2 Kg8 57. Ne3 Kh7 58. Ke2 Kg6 59. Kf3 Kg5 60. Kg3 1/2-1/2

[Event "EU-chT Seniors 15th"]
[Site "Dresden"]
[Date "2013.07.25"]
[Round "6"]
[White "Albano, Marco"]
[Black "Grottke, Hans Joachim"]
[Result "1-0"]
[WhiteElo "2288"]
[BlackElo "2220"]
[PlyCount "155"]
[EventDate "2013.07.20"]
[EventType "team-swiss"]
[EventRounds "9"]
[EventCountry "GER"]
[SourceTitle "CBM 155 Extra"]
[Source "ChessBase"]
[SourceDate "2013.08.26"]
[SourceVersion "1"]
[SourceVersionDate "2013.08.26"]
[SourceQuality "1"]
[WhiteTeam "Italy"]
[BlackTeam "Brandenburg"]
[WhiteTeamCountry "ITA"]
[BlackTeamCountry "GER"]

1. d4 d5 2. Nf3 Nf6 3. Bf4 e6 4. e3 Bd6 5. Bg3 c5 6. c3 Nc6 7. Nbd2 Qe7 8. Ne5 Bxe5 9. dxe5 Nd7 10. f4 f6 11. Bh4 Qf7 12. exf6 Nxf6 13. Be2 Bd7 14. 0-0 Ne7 15. Nf3 Nf5 16. Ne5 Qe7 17. Bxf6 gxf6 18. Bh5+ Kf8 19. Nxd7+ Qxd7 20. Qf3 Nd6 21. Qh3 f5 22. Rad1 Rg8 23. Bf3 Rg6 24. b3 b5 25. Kh1 Qg7 26. g3 Rb8 27. Rc1 Kg8 28. Qg2 c4 29. Qd2 Qf6 30. Rfe1 Rg7 31. Qd4 Qxd4 32. exd4 Ne4 33. Bxe4 dxe4 34. Red1 Rd7 35. Kg2 Kf7 36. Kf2 Ke7 37. Ke3 Kd6 38. g4 Rg7 39. g5 Kd5 40. h4 Rc8 41. b4 a5 42. a3 axb4 43. axb4 Ra8 44. Ra1 Rga7 45. Rxa7 Rxa7 46. h5 Ra3 47. Rc1 Ra2 48. Rh1 Kd6 49. g6 hxg6 50. h6 Ra8 51. Rg1 Rh8 52. Rxg6 Ke7 53. d5 exd5 54. Kd4 Kf7 55. Rd6 Re8 56. Rxd5 Kg6 57. Rd6+ Kh7 58. Ke3 Rg8 59. Rd5 Rg3+ 60. Ke2 Rxc3 61. Rxf5 Rf3 62. Rxb5 Rxf4 63. Ke3 Rh4 64. Rb6 c3 65. Rc6 Rh3+ 66. Kd4 e3 67. Rxc3 e2 68. Rc7+ Kxh6 69. Re7 Rh2 70. b5 Kg6 71. b6 Kf6 72. Re8 Rh4+ 73. Kc3 Rh5 74. Rxe2 Rb5 75. Rb2 Rc5+ 76. Kd4 Rc8 77. b7 Rb8 78. Kc5 1-0

[Event "EU-chT Seniors 15th"]
[Site "Dresden"]
[Date "2013.07.21"]
[Round "2"]
[White "Grottke, Hans Joachim"]
[Black "Mochalov, Evgeny Veniaminovic"]
[Result "0-1"]
[WhiteElo "2220"]
[BlackElo "2407"]
[PlyCount "60"]
[EventDate "2013.07.20"]
[EventType "team-swiss"]
[EventRounds "9"]
[EventCountry "GER"]
[SourceTitle "CBM 155 Extra"]
[Source "ChessBase"]
[SourceDate "2013.08.26"]
[SourceVersion "1"]
[SourceVersionDate "2013.08.26"]
[SourceQuality "1"]
[WhiteTeam "Brandenburg"]
[BlackTeam "Belarus"]
[WhiteTeamCountry "GER"]
[BlackTeamCountry "BLR"]

1. e4 c5 2. Nf3 e6 3. b3 b6 4. d4 cxd4 5. Nxd4 Bc5 6. Bb2 Qf6 7. Be2 Bb7 8. Bf3 Nc6 9. c3 Nge7 10. 0-0 0-0 11. b4 Bxd4 12. cxd4 Rac8 13. Na3 Qg6 14. Qd2 a5 15. bxa5 Nxa5 16. d5 f5 17. Rfe1 Nc4 18. Nxc4 Rxc4 19. Qd3 b5 20. Ba3 fxe4 21. Bxe4 Rxe4 22. Qxe4 Rf5 23. Qh4 Bxd5 24. Qg3 Qf6 25. Qb8+ Kf7 26. Qd6 Rxf2 27. Qxe7+ Qxe7 28. Bxe7 Rxg2+ 29. Kf1 Kxe7 30. Rad1 Rxh2 0-1